| 000 | 00414nam a22001697a 4500 | ||
|---|---|---|---|
| 003 | NUST - PNEC | ||
| 005 | 20170116181151.0 | ||
| 008 | 151127b xxu||||| |||| 00| 0 eng d | ||
| 020 | _a9780061140976 | ||
| 040 | _cLIBRARY | ||
| 082 | _ac1991. | ||
| 100 |
_915442 _aSmith, L. J. |
||
| 245 |
_aThe vampire diaries. _cL. J. Smith, |
||
| 260 | _cc1991. | ||
| 650 |
_915443 _aVampires _xGeneral |
||
| 942 |
_2ddc _cBK |
||
| 999 |
_c70961 _d70961 |
||